Licenčná politika by mala ochraňovať. 1

Situácia v drevospracujúcom priemysle SR. Rast produktivity práce. Nízka dovozná náročnosť. Konkurencieschopné výrobky. Dôraz na modernizáciu. Zabezpečenie zamestnanosti v regiónoch s rozvinutým drevárskym priemyslom.

Na minha lista:
Detalhes bibliográficos
Autor principal: Šulek, F.
Formato: Capítulo de Livro
Idioma:eslovaco
Assuntos:
Tags: Adicionar Tag
Sem tags, seja o primeiro a adicionar uma tag!

MARC

LEADER 00000naa a2200000 4500
001 r023645
005 20230824085511.6
041 0 |a slo 
044 |a SK 
245 1 0 |a Licenčná politika by mala ochraňovať. 1  |c F. Šulek 
520 |a Situácia v drevospracujúcom priemysle SR. Rast produktivity práce. Nízka dovozná náročnosť. Konkurencieschopné výrobky. Dôraz na modernizáciu. Zabezpečenie zamestnanosti v regiónoch s rozvinutým drevárskym priemyslom. 
610 2 0 |a Slovensko 
610 2 0 |a 1990-1996 
610 2 0 |a priemysel drevársky 
610 2 0 |a drevo 
610 2 0 |a politika licenčná 
610 2 0 |a výrobky drevárske 
610 2 0 |a konkurencieschopnosť 
100 1 |a Šulek, F.